Which countries do you cross? Kampala - Managua - Statistics

General Stats
  • This quiz has been taken 97 times
  • The average score is 12 of 14
Answer Stats
Km Country % Correct
1294 Democratic Republic of the Congo
95%
115 Togo
93%
118 Republic of the Congo
91%
122 Benin
89%
705 Cameroon
89%
353 Ghana
89%
696 Nigeria
89%
544 Guinea
86%
583 Ivory Coast
86%
285 Uganda
85%
286 Central African Republic
82%
174 Sierra Leone
82%
268 Nicaragua
80%
15 Saint Lucia
45%
No matching quizzes found
Score Distribution
Percent of People with Each Score
Percentile by Number Answered
Your Score History
You have not taken this quiz